Financial Incentives and Retirement Savings

Na minha lista:
Detalhes bibliográficos
Formato: Livro
Idioma:inglês
Publicado em: Paris OECD 2018
Assuntos:
Tags: Adicionar Tag
Sem tags, seja o primeiro a adicionar uma tag!

MARC

LEADER 00000nam a2200000 4500
001 0253531
005 20221220065539.2
020 |a 978-92-64-30691-2 
041 0 |a eng 
044 |a FR 
245 1 0 |a Financial Incentives and Retirement Savings 
264 1 |a Paris  |b OECD  |c 2018 
300 |a 294 s. 
610 2 0 |a stimuly investičné 
610 2 0 |a sporenie dôchodkové 
610 2 0 |a dane 
610 2 0 |a výhody zamestnanecké 
610 2 0 |a náklady rozpočtové 
610 2 0 |a úspory 
610 2 0 |a politika dôchodková 
610 2 0 |a porovnanie štatistické medzinárodné